| 000 -ლიდერი |
| ფიქსირებული სიგრძის საკონტროლო ველი |
01293nam a22002177a 4500 |
| 003 - საკონტროლო ნომრის იდენტიფიკატორი |
| საკონტროლო ველი |
Ge_BSU |
| 005 - ბოლო ოპერაციის თარიღი და დრო |
| საკონტროლო ველი |
20250530145117.0 |
| 008 - ფიქსირებული სიგრძის მონაცემთა ელემენტები - ზოგადი ინფორმაცია |
| ფიქსირებული სიგრძის საკონტროლო ველი |
250530s2021 ge ||||| |||| 00| 0 geo d |
| 020 ## - წიგნის საერთაშორისო სტანდარტული ნომერი |
| International Standard Book Number |
9789941838125 |
| 041 ## - ენის კოდი |
| Language code of text/sound track or separate title |
geo |
| 080 ## - უნივერსალური ათობითი კლასიფიკაციის ინდექსი |
| Universal Decimal Classification number |
141.32 : 165.742 ს-28 |
| 100 ## - მთავარი ჩანაწერი - პიროვნების სახელი |
| Personal name |
სარტრი, ჟან-პოლ |
| 9 (RLIN) |
21659 |
| 245 ## - ცნობა სათაურის შესახებ |
| Title |
ეგზისტენციალიზმი ჰუმანიზმია; ეგოს ტრანსცენდენცია : |
| Remainder of title |
ფენომენოლოგიური აღწერის მონახაზი; ემოციათა თეორიის მონახაზი / |
| Statement of responsibility, etc |
ჟან-პოლ სარტრი; მთარგმნელები: თამარ ქავთარაძე, მანანა ბოსტოღანაშვილი. |
| 264 ## - წარმოების, გამოცემის, დისტრიბუციის და სხვა ცნობები |
| გამოცემის, წარმოების, დისტრიბუციის... ადგილი |
თბილისი : |
| გამოცემის, წარმოების, დისტრიბუციის... სახელწოდება |
აქტი, |
| გამოცემის, წარმოების, დისტრიბუციის... თარიღი |
2021. |
| 300 ## - ფიზიკური აღწერა |
| Extent |
202 გვ. ; |
| Other physical details |
21 სმ. |
| 653 ## - INDEX TERM--UNCONTROLLED |
| Uncontrolled term |
ეგზისტენციალიზმი |
| 653 ## - INDEX TERM--UNCONTROLLED |
| Uncontrolled term |
ჰუმანიზმი. |
| 700 ## - ADDED ENTRY--PERSONAL NAME |
| Personal name |
ქავთარაძე, თამარ |
| Relator term |
მთარგმნელი |
| 9 (RLIN) |
14000 |
| 700 ## - ADDED ENTRY--PERSONAL NAME |
| Personal name |
ბოსტოღანაშვილი |
| Relator term |
მანანა, მთარგმნელი |
| 9 (RLIN) |
25191 |
| 942 ## - ADDED ENTRY ELEMENTS (KOHA) |
| Source of classification or shelving scheme |
|
| Koha item type |
წიგნი |